LEADER 01381nam a2200325 i 4500 001 000000111420 003 CaOOAMICUS 005 20050715000000.0 008 050715s1988 it u000 u ita u 013 $a84102 020 $a88-0430511-8 040 $aSeMil$bita 100 1 $aMiller, Arthur,$d<1915-2005>.$0(OLS)http://semarc/name/26678 245 10$aSvolte :$bla mia vita /$cArthur Miller ; traduzione di Maria Teresa Marenco e Marco e Dida Paggi. 260 $aMilano :$bArnoldo Mondadori Editore,$c1988. 300 $a639 p., con 75 illustrazioni fuori testo ;$c24 cm. 490 0 $aIngrandimenti 500 $aFondo Card. Giovanni Colombo. 650 4$aMiller, Arthur - Autobiografia.$0(OLS)http://semarc/subject/19953 700 1 $aPaggi, Dida.$0(OLS)http://semarc/name/27372 700 1 $aPaggi, Marco.$0(OLS)http://semarc/name/27371 700 1 $aMarenco, Maria Teresa.$0(OLS)http://semarc/name/41712 830 0$aIngrandimenti.$0(OLS)http://semarc/title/6838 850 $aSeMil 852 $aSeMil$W1$xVenegono$y1$m1V V 79$j67254$B67254$CSeMilBibl$Z2$F100365 $81 941 1 $a3 961 $aLascito: Colombo Card. Giovanni 996 $6020$a88-0430511-8$9(OLS)http://semarc/number/93586 996 $6245$aSvolte :$bla mia vita$9(OLS)http://semarc/title/162180 996 $6260$aMilano :$bArnoldo Mondadori Editore$9(OLS)http://semarc/publisher/30056 LEADER 02037nam a2200337 i 4500 001 000000163751 003 CaOOAMICUS 005 20241216113513.0 008 070816s2007 gw u000 u eng u 020 $a978-3-11-019512-5 040 $aSeMil$bita 100 1 $aDu Toit, André.$0(OLS)http://semarc/name/62007 245 10$aFocusing on Paul :$bpersuasion and theological design in Romans and Galatians /$cAndrie du Toit ; edited by Cilliers Breytenbach and David S. du Toit. 260 $aBerlin ; New York :$bDe Gruyter,$c2007. 300 $axiv, 443 p.. [1] carta di tav. :$britr. ;$c24 cm. 490 0 $aBeihefte zur Zeitschrift für die neutestamentliche Wissenschaft und die Kunde der älteren Kirche ;$v151 500 $aRaccolta di articoli e saggi già pubblicati 504 $aAndrie du Toit: Bibliography (1962-2006) 650 4$aBibbia. Nuovo Testamento. Lettere ai Galati - Commentari, studi, critica, interpretazioni.$0(OLS)http://semarc/subject/5754 650 4$aBibbia. Nuovo Testamento. Lettera ai Romani - Commentari, studi, critica, interpretazioni.$0(OLS)http://semarc/subject/31 650 4$aBibbia. Nuovo Testamento. Lettere di Paolo - Commentari, studi, critica, interpretazioni.$0(OLS)http://semarc/subject/935 700 1 $aDu Toit, David S.,$d<1961- >.$0(OLS)http://semarc/name/60770 700 1 $aBreytenbach, Cilliers,$d<1954- >.$0(OLS)http://semarc/name/16359 830 0$aBeihefte zur Zeitschrift für die neutestamentliche Wissenschaft und die Kunde der älteren Kirche ;$v151.$0(OLS)http://semarc/title/296 850 $aSeMil 852 $aSeMil$W1$xVenegono$y1$m2XA R 151$j253433$B115045$CSeMilBibl$Z2$F125931 $81 961 $aSottoscrizione: De Gruyter 996 $6020$a978-3-11-019512-5$9(OLS)http://semarc/number/149904 996 $6245$aFocusing on Paul :$bpersuasion and theological design in Romans and Galatians$9(OLS)http://semarc/title/233628 996 $6260$aBerlin ; New York :$bDe Gruyter$9(OLS)http://semarc/publisher/29892